00447nam a2200145Ia 4500100001700000942000700017654001200024245003600036260004300072082001500115300000800130546001200138999001700150952013400167 aRibar/ L.J.  cBK aWindows aFortran Programming for Windows bOsborne Mc graw HillaCaliforniac1993 a001.6424 F a238 aENGLISH c34387d34387 001040708CRCaCRCEbCRCEc1473 | 5d2023-03-17eglobal booksg597.60l0o001.6424 F p5608r2023-03-17v597.60w2023-03-17yBK